000 00613cam a22002173a 4500
001 38725
003 PGUSA
005 20140828083844.0
008 120131s2012||||xxu|||||s|||||000 | eng d
040 _aPGUSA
_beng
042 _adc
050 4 _aAP
245 1 0 _aL'Illustration, No. 0031, 30 Septembre 1843
_h[electronic resource] /
_cVarious
260 _bProject Gutenberg,
_c2012
506 _aPublic domain in the USA.
516 _aElectronic text
653 _aIllustrated periodicals -- France
830 0 _aProject Gutenberg
_v38725
856 4 0 _uhttp://www.gutenberg.org/ebooks/38725
942 _cEB
999 _c267979
_d267979